Smart legal contracts y blockchain. La contratación inteligente a través de la tecnología blockchain

Na minha lista:
Detalhes bibliográficos
Autor principal: Vilalta Nicuesa, Aura Esther (autor)
Formato: Desconhecido
Idioma:inglês
Publicado em: Madrid, España. Wolters Kluwer, 2019
Edição:Primera edición.
Assuntos:
Tags: Adicionar Tag
Sem tags, seja o primeiro a adicionar uma tag!

MARC

LEADER 00000 a2200000 4500
003 CL-VaPUC
005 20230405151954.0
008 210422b ||||| |||| 00| 0 eng d
999 |c 432827  |d 432825 
020 |a 978-84-15651-56-7 
040 |c Pontificia Universidad Católica de Valparaíso 
082 |a 346.46024 VIL 2019  |2 22 
100 1 |a Vilalta Nicuesa, Aura Esther  |9 860649  |e autor 
245 1 0 |a Smart legal contracts y blockchain.  |b  La contratación inteligente a través de la tecnología blockchain 
250 |a Primera edición. 
260 |a Madrid, España.  |b Wolters Kluwer,   |c 2019 
300 |a 281 páginas  
583 |k Cristina Rojas  |c 20210422 
650 0 |a Contratos electrónicos (Smart contracts)  |z España   |9 466607 
650 0 |a Blockchains (bases de datos)   |x Ley y legislación   |z España  |9 862909 
942 |2 ddc  |c BK 
952 |0 0  |1 0  |2 ddc  |4 0  |6 346_460240000000000_VIL_2019  |7 0  |8 A  |9 578636  |a BIBDER  |b BIBDER  |d 2021-08-19  |e 36  |g 57879.90  |i 5587751  |o 346.46024 VIL 2019  |p 5587751  |r 2023-01-25  |t 1  |v 57879.90  |w 2021-08-19  |y BK  |k DER